The U. S computer industry: An economic- legal analysis of its major growth factors

Guardado en:
Detalles Bibliográficos
Autor principal: John Trygve Soma
Formato: Libro
Lenguaje:Undetermined
Publicado: University Microfilms International 1976
Materias:
Etiquetas: Agregar Etiqueta
Sin Etiquetas, Sea el primero en etiquetar este registro!
Thư viện lưu trữ: Trung tâm Học liệu Trường Đại học Cần Thơ
LEADER 00516nam a2200169Ia 4500
001 CTU_87168
008 210402s9999 xx 000 0 und d
082 |a 338.4 
082 |b S693 
100 |a John Trygve Soma 
245 4 |a The U. S computer industry: 
245 3 |b An economic- legal analysis of its major growth factors 
245 0 |c John Trygve Soma 
260 |b University Microfilms International 
260 |c 1976 
650 |a computer indủty 
980 |a Trung tâm Học liệu Trường Đại học Cần Thơ